| 000 | 00648nam a2200181 u 4500 | ||
|---|---|---|---|
| 001 | 000232674 | ||
| 003 | AM-YeHGA | ||
| 005 | 20250618071556.0 | ||
| 008 | 030609s1947 ai r 000 0 arm d | ||
| 040 | _aAM-YeHGA | ||
| 245 | 1 | 0 |
_aԿույր երաժիշտը : _bԷտյուդ / _cՎ. Կորոլենկո; Թարգմ.՝ Մ.Վ.; Նկ.՝ Ս. Զակոժևսկի. |
| 260 |
_aԵրևան : _bՀայպետհրատ, _c1947. |
||
| 300 |
_a157 էջ : _bնկ. ; _c20 սմ. |
||
| 440 | 0 |
_aԴպրոցական գրադարան _95151 |
|
| 650 | 1 | 4 |
_aՌուս գրականություն _xՊատմվածք _94645 |
| 700 | 1 |
_aՄ.Վ. _eթարգմ. _4trl |
|
| 090 | _c83381 | ||
| 999 |
_c82112 _d82112 |
||